Statistics for European Historical Figures A-Z

Click here to take the quiz!

General Stats

  • This quiz has been taken 110 times
  • The average score is 18 of 24

Answer Stats

ClueAnswerLetter% Correct
Joan of ___ heroineArcA
100%
________ Shakespeare.playwrightWilliamW
99%
_____ Orwell,authorGeorgeG
98%
___ Marx,philosopherKarlK
98%
_____ Antoinette,queen consortMarieM
98%
________ Picasso,painterPabloP
97%
__ the Terrible,TsarIvanI
95%
______ the Impaler,princeVladV
94%
Mary _____ of Scots,monarchQueenQ
92%
Salvador ___ , painterDaliD
91%
_____ von Bismark,statesmanOttoO
91%
Attila the ___,nomadic dictatorHunH
89%
_______ Gagarin,cosmonautYuriY
82%
___ Verne,authorJulesJ
81%
_____ Franco,dictatorFranciscoF
59%
Josip Broz _____,politicianTitoT
58%
____ Walesa,politicianLechL
56%
____________ van Rijn.painterRembrandtR
56%
Emile ____,authorZolaZ
53%
______ of Aquitaine ,queen consortEleanorE
52%
________ Wren,architectChristopherC
51%
Hieronymus ____ painterBoschB
43%
_______ Africanus, generalScipioS
27%
_______ Ceausescu.politicianNicolaeN
23%

Score Distribution

Percentile by Number Answered

Percent of People with Each Score

Your Score History

You have not taken this quiz